|
|
|
|
| LEADER |
01021nam a2200241 a 4500 |
| 001 |
00025193 |
| 008 |
120603r20122007enka j 000 1 eng |
| 020 |
|
|
|a 9780194247627
|
| 040 |
|
|
|a BD-DhAAL
|c BD-DhAAL
|
| 082 |
0 |
4 |
|a 428.6
|2 22
|
| 100 |
1 |
|
|a Doyle, Sir Arthur Conan
|
| 245 |
1 |
0 |
|a Sherlock Holmes: The emarald crown /
|c Sir Arthur Conan Doyle ;Text adaptation by Janet Hardy-Gould ;Illustrated by Marcela Hajdinjak-Krec
|
| 260 |
|
|
|a Oxford :
|b Oxford University Press,
|c c2010.[reprinted 2012]
|
| 300 |
|
|
|a 51 p. :
|b col. ill. ;
|c 21cm.
|
| 440 |
0 |
|
|a Dominoes ;
|v One
|
| 541 |
1 |
|
|e 00025193
|
| 650 |
|
0 |
|a Detective and mystery stories, English
|v Fiction.
|
| 650 |
|
0 |
|a Readers
|
| 700 |
1 |
|
|a Hardy-Gould, Janet
|
| 700 |
1 |
|
|a Hajdinjak-Krec, Marcela
|
| 852 |
1 |
|
|a Ayesha Abed library
|c General Shelf
|
| 999 |
|
|
|c 12340
|d 12340
|
| 952 |
|
|
|0 0
|1 0
|2 ddc
|4 0
|6 428_600000000000000_DOY
|7 0
|9 20386
|a BRACUL
|b BRACUL
|c GEN
|d 2012-06-04
|l 10
|m 49
|o 428.6 DOY
|p 3010025193
|r 2026-03-03
|s 2025-09-23
|t 1
|w 2012-06-04
|y BK
|x Transferred from BIL to BRACUL on 06/06/22
|